| 000 | 00531nam a22001817a 4500 | ||
|---|---|---|---|
| 005 | 20251108170803.0 | ||
| 008 | 250721s1994 xx 000 0 ara d | ||
| 082 | 1 | 4 | _aط/ق/بسك |
| 100 | 1 | _aبسكوف، الزا | |
| 245 | 1 | 0 | _aصابر و ملابسه الجديدة / |
| 264 | 1 |
_aستوكهولم : _bدار المنى، _c1994. |
|
| 300 | _a28ص : مص | ||
| 650 | 1 | 7 | _aأدب الأطفال |
| 650 | 1 | 7 | _aالقصص العربية |
| 700 | 1 |
_aزريقات، منى _eترجمة |
|
| 942 |
_2ddc _cBK |
||
| 999 |
_c48982 _d48982 |
||